| 000 | 00479nam a22001697a 4500 | ||
|---|---|---|---|
| 003 | SGT | ||
| 020 | _a9789350978306 | ||
| 082 | _a539.7,TAY | ||
| 100 | _aTayal,D.C | ||
| 245 | _aNUCLEAR PHYSICS | ||
| 250 | _a5TH | ||
| 260 |
_aNEW DELHI _bHIMALAYA PUBLISHING HOUSE _c2015 |
||
| 300 | _a783 | ||
| 650 | _aPHYSICS | ||
| 653 | _aGENERAL PROPERTIES TO ATOMIC NUCLEUS, RADIOACTIVITY AND ISOTOPES, NUCLEAR FORCE, NUCLEAR MODELS, ACCELERATION, ELEMENTARY PARTICLES | ||
| 942 |
_2ddc _cFPS |
||
| 999 |
_c9397 _d9397 |
||